10 najsilniejszych armii Europy - Statystyki

Ogólne statystyki
  • Ten quiz został rozwiązany 61 razy
  • Średni wynik to 10 z 10
Statystyki odpowiedzi
miejsce kraj % Poprawnych
3 Francja
100%
6 Niemcy
100%
7 Polska
100%
1 Rosja
100%
2 Wielka Brytania
100%
5 Włochy
100%
8 Hiszpania
96%
9 Ukraina
96%
4 Turcja
89%
10 Grecja
86%
Nie znaleziono quizów pasujących do podanych kryteriów
Rozkład punktacji
Procent ludzi z każdym wynikiem
Percentyl według liczby udzielonych odpowiedzi
Twoja historia wyników
Nie rozwiązałeś tego quizu